000
00278nam a2200097 a 4500
005
20200930070735.0
008
110923s1956 000 spa d
245
0
_a
Significación maritima de Montevideo en los siglos xviii y xix.
260
_a
Montevideo,
_c
1956.
999
_c
33550
_d
33550
040
_a
DO-SdBNP